[Event "Dresden ZMD op-A 21st"]
[Site "Dresden"]
[Date "2012.08.24"]
[Round "7"]
[White "Schoene, Maria"]
[Black "Hoffmann, Paul"]
[Result "1/2-1/2"]
[WhiteElo "2171"]
[BlackElo "2348"]
[PlyCount "63"]
[EventDate "2012.08.18"]
[EventType "swiss"]
[EventRounds "9"]
[EventCountry "GER"]
[SourceTitle "CBM 150 Extra"]
[Source "ChessBase"]
[SourceDate "2012.10.19"]
[SourceVersion "1"]
[SourceVersionDate "2012.10.19"]
[SourceQuality "1"]

1. e4 e6 2. d4 d5 3. Nc3 Nf6 4. Bg5 Bb4 5. e5 h6 6. Bd2 Bxc3 7. Bxc3 Ne4 8. Ne2 c5 9. dxc5 Nc6 10. Bd4 Qe7 11. Ng3 Nxc5 12. Nh5 Kf8 13. c3 Nd7 14. f4 Nxd4 15. Qxd4 Qh4+ 16. Ng3 g5 17. Bb5 Qxf4 18. Bxd7 Qxd4 19. cxd4 Bxd7 20. Nh5 Rc8 21. Nf6 Bb5 22. a4 Bd3 23. Kd2 Bg6 24. Rac1 Kg7 25. Rxc8 Rxc8 26. Rc1 Rxc1 27. Kxc1 Kf8 28. a5 Bd3 29. Kd2 Bf1 30. g3 Bb5 31. Kc3 Be2 32. Kb4 1/2-1/2

[Event "Dresden ZMD op-A 21st"]
[Site "Dresden"]
[Date "2012.08.23"]
[Round "6"]
[White "Hoffmann, Paul"]
[Black "Hess, Christian"]
[Result "0-1"]
[WhiteElo "2348"]
[BlackElo "2220"]
[PlyCount "75"]
[EventDate "2012.08.18"]
[EventType "swiss"]
[EventRounds "9"]
[EventCountry "GER"]
[SourceTitle "CBM 150 Extra"]
[Source "ChessBase"]
[SourceDate "2012.10.19"]
[SourceVersion "1"]
[SourceVersionDate "2012.10.19"]
[SourceQuality "1"]

1. e4 c5 2. Nf3 e6 3. d4 cxd4 4. Nxd4 Nc6 5. Nc3 a6 6. g3 Qc7 7. Bg2 d6 8. 0-0 Bd7 9. Re1 Be7 10. Nce2 Nf6 11. Nxc6 bxc6 12. c4 0-0 13. Nc3 e5 14. h3 Be6 15. Qe2 Nd7 16. g4 a5 17. Nd5 Qd8 18. Rd1 Nc5 19. Nxe7+ Qxe7 20. f4 f6 21. b3 Rfb8 22. f5 Bf7 23. Rb1 a4 24. b4 a3 25. Qc2 Na4 26. Rb3 Nb6 27. Bf1 d5 28. cxd5 cxd5 29. Qc5 Qb7 30. exd5 Rc8 31. Qf2 Bxd5 32. Rd2 Be4 33. Rd6 Na4 34. Rd7 Qxb4 35. g5 fxg5 36. f6 gxf6 37. Bxg5 Qc5 38. Qxc5 0-1